[Event "TUR-ch (Women)"]
[Site "Aksu"]
[Date "2017.03.07"]
[Round "2"]
[White "Korkmaz, Biyce"]
[Black "Micoogullari, Lara"]
[Result "0-1"]
[WhiteElo "1462"]
[BlackElo "1686"]
[PlyCount "82"]
[EventDate "2017.03.06"]
[EventType "swiss"]
[EventRounds "9"]
[EventCountry "TUR"]
[SourceTitle "CBM 177 Extra"]
[Source "ChessBase"]
[SourceDate "2017.04.27"]
[SourceVersion "1"]
[SourceVersionDate "2017.04.27"]
[SourceQuality "1"]

1. e4 d5 2. exd5 Qxd5 3. Nc3 Qd6 4. d4 c6 5. Bc4 Nf6 6. Nge2 Bg4 7. f3 Bf5 8. 0-0 Nbd7 9. a3 e5 10. Bb3 Be7 11. Kh1 0-0 12. Be3 Qc7 13. Qe1 Bd6 14. Qf2 Bg6 15. h3 Nh5 16. g4 exd4 17. Bxd4 Ng3+ 18. Nxg3 Bxg3 19. Qg2 h6 20. Ne4 Be5 21. Bxe5 Qxe5 22. Nc3 Nc5 23. Rae1 Qf4 24. Ba2 Rad8 25. Re2 Rfe8 26. Rxe8+ Rxe8 27. Rd1 a5 28. Qf2 b6 29. Ne2 Qe5 30. Nc3 b5 31. Bb1 b4 32. axb4 axb4 33. Na2 Qf4 34. Kg2 Ne6 35. b3 c5 36. Nc1 Nd4 37. Nd3 Bxd3 38. Rxd3 Re2 39. Qxe2 Nxe2 40. c3 Qg3+ 41. Kf1 Qg1+ 0-1

[Event "EU-Cup 32nd"]
[Site "Novi Sad"]
[Date "2016.11.08"]
[Round "3.6"]
[White "Micoogullari, Lara"]
[Black "Sucikova, Svetlana"]
[Result "1-0"]
[WhiteElo "1673"]
[BlackElo "2076"]
[PlyCount "81"]
[EventDate "2016.11.06"]
[EventType "team-swiss"]
[EventRounds "7"]
[EventCountry "SRB"]
[SourceTitle "CBM 176"]
[Source "ChessBase"]
[SourceDate "2017.01.17"]
[SourceVersion "1"]
[SourceVersionDate "2017.01.17"]
[SourceQuality "1"]
[WhiteTeam "Hatay Metropolitan"]
[BlackTeam "White Rose"]
[WhiteTeamCountry "TUR"]
[BlackTeamCountry "ENG"]

1. Nf3 d5 2. g3 Nf6 3. Bg2 Bf5 4. 0-0 Nbd7 5. d4 e6 6. Nbd2 c5 7. c4 Rc8 8. Qa4 a6 9. cxd5 exd5 10. Re1 Be7 11. dxc5 Rxc5 12. Nd4 Bg6 13. b4 Rc8 14. e4 dxe4 15. Nxe4 0-0 16. Bb2 Nb6 17. Qb3 Rc4 18. a3 Nxe4 19. Bxe4 Bxe4 20. Rxe4 Bf6 21. Rd1 Qd5 22. Qe3 Bg5 23. Qe2 Bf6 24. Qe3 h6 25. Rg4 Bg5 26. Qd3 f5 27. Rxg5 hxg5 28. Qe3 Na4 29. Ba1 Rd8 30. Qxg5 Nc3 31. Rd3 Ne4 32. Qf4 Rdc8 33. Nxf5 Qe6 34. Bxg7 Nc5 35. Qg5 Nxd3 36. Be5+ Kf8 37. Qg7+ Ke8 38. Nd6+ Kd8 39. Bf6+ Qxf6 40. Qxf6+ Kd7 41. Nxc8 1-0

[Event "EU School-ch U17"]
[Site "Kallithea"]
[Date "2016.06.17"]
[Round "1"]
[White "Asllani, Muhamet"]
[Black "Micoogullari, Lara"]
[Result "1-0"]
[WhiteElo "2131"]
[BlackElo "1637"]
[PlyCount "51"]
[EventDate "2016.06.17"]
[EventType "swiss"]
[EventRounds "9"]
[EventCountry "GRE"]
[SourceTitle "EXT 2017"]
[Source "ChessBase"]
[SourceDate "2016.10.25"]
[SourceVersion "1"]
[SourceVersionDate "2016.10.25"]
[SourceQuality "1"]

1. d4 Nf6 2. c4 d5 3. cxd5 Qxd5 4. Nc3 Qa5 5. Nf3 e6 6. Bd2 c6 7. Qc2 Nbd7 8. e3 Be7 9. Bd3 0-0 10. e4 e5 11. 0-0 exd4 12. Nxd4 Qe5 13. Nf5 Bc5 14. Ne2 Bb6 15. Bc3 Qc7 16. Neg3 Ne5 17. Qd2 Bxf5 18. Nxf5 Neg4 19. e5 h6 20. h3 Nxe5 21. Nxh6+ Kh8 22. Nf5 Rad8 23. Qg5 Rg8 24. Nd6 Nxd3 25. Bxf6 gxf6 26. Qh6# 1-0

[Event "TUR-chT"]
[Site "Kocaeli"]
[Date "2015.08.12"]
[Round "10.8"]
[White "Micoogullari, Lara"]
[Black "Hereklioglu, Sude"]
[Result "0-1"]
[WhiteElo "1668"]
[BlackElo "1796"]
[PlyCount "62"]
[EventDate "2015.08.04"]
[EventType "team-tourn"]
[EventRounds "13"]
[EventCountry "TUR"]
[SourceTitle "CBM 167 Extra"]
[Source "ChessBase"]
[SourceDate "2015.09.14"]
[SourceVersion "1"]
[SourceVersionDate "2015.09.14"]
[SourceQuality "1"]
[WhiteTeam "Hatay Buyuksehir"]
[BlackTeam "Istanbul Teknik Uni"]
[WhiteTeamCountry "TUR"]
[BlackTeamCountry "TUR"]

1. Nf3 e6 2. g3 d5 3. d4 Nf6 4. Bg2 Be7 5. 0-0 0-0 6. b3 Nbd7 7. Bb2 c5 8. e3 b6 9. c4 Ba6 10. Ne5 Rc8 11. Nd2 dxc4 12. Ndxc4 b5 13. Nxd7 Nxd7 14. Ne5 Nxe5 15. dxe5 c4 16. bxc4 bxc4 17. Bc3 Qd3 18. Qa4 Qxc3 19. Qxa6 Qa3 20. Qb7 c3 21. Qb3 Rb8 22. Qc2 Rb2 23. Qd3 c2 24. Qc4 Qb4 25. Qc6 Qc5 26. Qe4 Rb4 27. Qd3 Rd8 28. Qa3 Rb1 29. Qxc5 Rxf1+ 30. Kxf1 Bxc5 31. Ke2 Ba3 0-1

[Event "TUR-chT"]
[Site "Kocaeli"]
[Date "2015.08.09"]
[Round "7.5"]
[White "Arda, Cagil Irmak"]
[Black "Micoogullari, Lara"]
[Result "1/2-1/2"]
[WhiteElo "1915"]
[BlackElo "1668"]
[PlyCount "94"]
[EventDate "2015.08.04"]
[EventType "team-tourn"]
[EventRounds "13"]
[EventCountry "TUR"]
[SourceTitle "CBM 167 Extra"]
[Source "ChessBase"]
[SourceDate "2015.09.14"]
[SourceVersion "1"]
[SourceVersionDate "2015.09.14"]
[SourceQuality "1"]
[WhiteTeam "Besiktas Jimnastik"]
[BlackTeam "Hatay Buyuksehir"]
[WhiteTeamCountry "TUR"]
[BlackTeamCountry "TUR"]

1. e4 d5 2. exd5 Nf6 3. d4 Bg4 4. Be2 Bxe2 5. Qxe2 Qxd5 6. Nf3 Nc6 7. c4 Qf5 8. a3 0-0-0 9. d5 Nb8 10. Ne5 Nfd7 11. Nd3 e6 12. Nc3 exd5 13. Nxd5 Nc5 14. Nxc5 Bxc5 15. Be3 Rhe8 16. b4 Bd4 17. Rd1 Be5 18. Qf3 Qxf3 19. gxf3 c6 20. f4 cxd5 21. fxe5 Rxe5 22. cxd5 Rdxd5 23. Rxd5 Rxd5 24. Bxa7 Rd3 25. Ke2 Rxa3 26. Rc1+ Nc6 27. b5 Rxa7 28. bxc6 bxc6 29. Rxc6+ Rc7 30. Rd6 Rd7 31. Ra6 Kd8 32. Ra2 Ke7 33. Ke3 Ke6 34. Ra6+ Kf5 35. Kf3 Rd3+ 36. Kg2 g5 37. Rh6 Rd4 38. Rxh7 Rh4 39. Rxf7+ Kg6 40. Rf8 Kg7 41. Ra8 Kg6 42. Kg3 Rd4 43. Rg8+ Kf5 44. f3 Kf6 45. Re8 Kf5 46. Re4 Rd1 47. Ra4 Rg1+ 1/2-1/2

[Event "TUR-chT"]
[Site "Kocaeli"]
[Date "2015.08.08"]
[Round "5.6"]
[White "Okuyaz, Duru"]
[Black "Micoogullari, Lara"]
[Result "1/2-1/2"]
[WhiteElo "1919"]
[BlackElo "1668"]
[PlyCount "101"]
[EventDate "2015.08.04"]
[EventType "team-tourn"]
[EventRounds "13"]
[EventCountry "TUR"]
[SourceTitle "CBM 167 Extra"]
[Source "ChessBase"]
[SourceDate "2015.09.14"]
[SourceVersion "1"]
[SourceVersionDate "2015.09.14"]
[SourceQuality "1"]
[WhiteTeam "Tarsus Zeka"]
[BlackTeam "Hatay Buyuksehir"]
[WhiteTeamCountry "TUR"]
[BlackTeamCountry "TUR"]

1. e4 c5 2. Nf3 d6 3. Bb5+ Bd7 4. Bxd7+ Qxd7 5. 0-0 Nf6 6. Re1 Nc6 7. c3 e6 8. d4 cxd4 9. cxd4 d5 10. e5 Ne4 11. Nbd2 Nxd2 12. Bxd2 Be7 13. Rc1 0-0 14. a3 Rac8 15. Rc3 Rc7 16. Rd3 Rfc8 17. Ng5 h6 18. Nh3 b5 19. Qg4 f5 20. Qg6 Bf8 21. Nf4 Nd8 22. Nh5 Kh8 23. Rh3 Qf7 24. Qg3 Nc6 25. Qd3 b4 26. Nf4 bxa3 27. bxa3 Ne7 28. Qa6 Ng6 29. Nxe6 Rc6 30. Ng5 Rxa6 31. Nxf7+ Kg8 32. e6 Re8 33. Rhe3 Rxa3 34. Rxa3 Bxa3 35. Ba5 Nf4 36. Nd8 Nd3 37. Re3 Bb4 38. Bxb4 Nxb4 39. e7 Nc2 40. Re5 Nxd4 41. h4 g6 42. Kf1 a6 43. Rxd5 Nb5 44. Re5 Kg7 45. Ke2 Nd6 46. Re6 Nc8 47. Nc6 Kf7 48. Nd8+ Kg7 49. Nc6 Kf7 50. Nd8+ Kg7 51. Nc6 1/2-1/2

[Event "Manavgat Turkey Cup"]
[Site "Manavgat"]
[Date "2015.02.05"]
[Round "8"]
[White "Micoogullari, Lara"]
[Black "Ibik, Halit Yavuz"]
[Result "1-0"]
[WhiteElo "1625"]
[BlackElo "1790"]
[PlyCount "87"]
[EventDate "2015.01.31"]
[EventType "swiss"]
[EventRounds "11"]
[EventCountry "TUR"]
[SourceTitle "CBM 164 Extra"]
[Source "ChessBase"]
[SourceDate "2015.03.02"]
[SourceVersion "1"]
[SourceVersionDate "2015.03.02"]
[SourceQuality "1"]

1. Nf3 c5 2. g3 d5 3. d4 cxd4 4. Qxd4 Nc6 5. Qd1 Bf5 6. Bg2 Nf6 7. 0-0 h6 8. c4 Qd7 9. cxd5 0-0-0 10. Nc3 Nxd5 11. Nxd5 Qxd5 12. Qxd5 Rxd5 13. Nh4 Be6 14. Bxd5 Bxd5 15. Rd1 e6 16. Ng2 g5 17. Ne3 Be4 18. f3 Bg6 19. Nc4 Bg7 20. e4 Kc7 21. Be3 b5 22. Nd2 Bxb2 23. Rab1 Bd4 24. Nf1 Bxe3+ 25. Nxe3 a6 26. Rbc1 Rc8 27. Ng4 f5 28. exf5 exf5 29. Nf6 Be8 30. Kf2 Rb8 31. Rd5 Kb7 32. Nxe8 Rxe8 33. Rd7+ Kb6 34. Rd6 Rc8 35. Rxh6 Kb7 36. Rf6 Rc7 37. Rxf5 Rg7 38. a3 Nd4 39. Rd5 Nb3 40. Rc3 Na5 41. Rcc5 Nb3 42. Rxg5 Rh7 43. Rh5 Nxc5 44. Rxh7+ 1-0

[Event "Manavgat Turkey Cup"]
[Site "Manavgat"]
[Date "2015.02.01"]
[Round "3"]
[White "Gulenc, Ahmet Fazil"]
[Black "Micoogullari, Lara"]
[Result "1-0"]
[WhiteElo "1846"]
[BlackElo "1625"]
[PlyCount "79"]
[EventDate "2015.01.31"]
[EventType "swiss"]
[EventRounds "11"]
[EventCountry "TUR"]
[SourceTitle "CBM 164 Extra"]
[Source "ChessBase"]
[SourceDate "2015.03.02"]
[SourceVersion "1"]
[SourceVersionDate "2015.03.02"]
[SourceQuality "1"]

1. d4 Nf6 2. c4 g6 3. Nc3 d5 4. Bg5 Ne4 5. Nxe4 dxe4 6. Bf4 Bg7 7. e3 c5 8. Qd2 cxd4 9. exd4 Qxd4 10. Rd1 Qxd2+ 11. Rxd2 Nc6 12. Ne2 0-0 13. h4 e5 14. Be3 Be6 15. Nc3 Rad8 16. Nxe4 Rxd2 17. Bxd2 Nd4 18. Bc3 f5 19. Nc5 Bc8 20. f3 b6 21. Nb3 Nxb3 22. axb3 e4 23. Be2 Bxc3+ 24. bxc3 e3 25. f4 Be6 26. Rh3 Kf7 27. Rxe3 Rc8 28. Kd2 b5 29. cxb5 Bxb3 30. Bf3 Bc4 31. Re5 Rd8+ 32. Kc2 Kf6 33. Rc5 Bd3+ 34. Kb3 Rd6 35. Re5 Re6 36. Rxe6+ Kxe6 37. Kb4 Be4 38. Kc5 h6 39. c4 h5 40. Kd4 1-0

[Event "EU School-ch U15 Girls"]
[Site "Kavala"]
[Date "2014.06.17"]
[Round "1"]
[White "Avramidou, Anastasia"]
[Black "Micoogullari, Lara"]
[Result "1-0"]
[WhiteElo "2007"]
[BlackElo "1579"]
[PlyCount "57"]
[EventDate "2014.06.17"]
[EventType "swiss"]
[EventRounds "9"]
[EventCountry "GRE"]
[SourceTitle "EXT 2024"]
[Source "ChessBase"]
[SourceDate "2023.10.10"]
[SourceVersion "1"]
[SourceVersionDate "2023.10.10"]
[SourceQuality "1"]

1. d4 c5 2. d5 Nf6 3. Nc3 d6 4. e4 g6 5. f4 Qa5 6. Bd2 Qb4 7. a3 Qb6 8. Nf3 Bg7 9. Bb5+ Bd7 10. a4 Bxb5 11. axb5 0-0 12. Qe2 a6 13. e5 dxe5 14. fxe5 Ng4 15. h3 Nh6 16. Bxh6 Bxh6 17. e6 c4 18. exf7+ Rxf7 19. Qe6 Qxe6+ 20. dxe6 Rf6 21. Nd5 Rxe6+ 22. Kf2 Rd6 23. Rhd1 Bf8 24. Nc7 axb5 25. Nxa8 Na6 26. Rxd6 exd6 27. Nb6 h6 28. Ra5 Nc7 29. Na8 1-0

[Event "Wch U20 Girls 31st"]
[Site "Kocaeli"]
[Date "2013.09.26"]
[Round "13"]
[White "Micoogullari, Lara"]
[Black "Gulay, Ayca Nuriye"]
[Result "1/2-1/2"]
[WhiteElo "1585"]
[BlackElo "1634"]
[PlyCount "39"]
[EventDate "2013.09.13"]
[EventType "swiss"]
[EventRounds "13"]
[EventCountry "TUR"]
[SourceTitle "CBM 156 Extra"]
[Source "ChessBase"]
[SourceDate "2013.10.22"]
[SourceVersion "1"]
[SourceVersionDate "2013.10.22"]
[SourceQuality "1"]

1. Nf3 Nf6 2. g3 g6 3. d4 d5 4. Bg2 Bg7 5. 0-0 0-0 6. b3 b6 7. Bb2 Bb7 8. c4 e6 9. e3 Re8 10. Nc3 Nbd7 11. Rc1 dxc4 12. bxc4 c5 13. dxc5 Nxc5 14. Qxd8 Rexd8 15. Rfd1 Rxd1+ 16. Rxd1 Nfd7 17. Ba1 Nf6 18. Bb2 Nfd7 19. Ba1 Nf6 20. Bb2 1/2-1/2

[Event "Wch U20 Girls 31st"]
[Site "Kocaeli"]
[Date "2013.09.21"]
[Round "8"]
[White "Alymbay, Kyzy Aizhan"]
[Black "Micoogullari, Lara"]
[Result "1-0"]
[WhiteElo "1820"]
[BlackElo "1585"]
[PlyCount "71"]
[EventDate "2013.09.13"]
[EventType "swiss"]
[EventRounds "13"]
[EventCountry "TUR"]
[SourceTitle "CBM 156 Extra"]
[Source "ChessBase"]
[SourceDate "2013.10.22"]
[SourceVersion "1"]
[SourceVersionDate "2013.10.22"]
[SourceQuality "1"]

1. e4 c5 2. Nf3 Nc6 3. d4 cxd4 4. Nxd4 e5 5. Nb3 Nf6 6. Nc3 Bb4 7. Bd3 0-0 8. 0-0 h6 9. Bd2 d6 10. h3 Re8 11. a3 Bxc3 12. Bxc3 d5 13. exd5 Nxd5 14. Re1 Nxc3 15. bxc3 Qf6 16. Nd2 Bf5 17. Ne4 Qg6 18. Qf3 Ne7 19. Kh1 Rad8 20. Kh2 b6 21. g4 Bd7 22. Qg3 f5 23. gxf5 Bxf5 24. Qxe5 Nc6 25. Nf6+ Qxf6 26. Qxf5 Ne5 27. Qxf6 gxf6 28. Rg1+ Kh8 29. Rg3 h5 30. Rag1 h4 31. Rg7 Nf3+ 32. Kh1 Nxg1 33. Rxg1 Rg8 34. Rb1 Rd7 35. Rb4 Rgg7 36. Rxh4+ 1-0

[Event "Wch U20 Girls 31st"]
[Site "Kocaeli"]
[Date "2013.09.19"]
[Round "7"]
[White "Micoogullari, Lara"]
[Black "Gueci, Laura"]
[Result "0-1"]
[WhiteElo "1585"]
[BlackElo "1904"]
[PlyCount "44"]
[EventDate "2013.09.13"]
[EventType "swiss"]
[EventRounds "13"]
[EventCountry "TUR"]
[SourceTitle "CBM 156 Extra"]
[Source "ChessBase"]
[SourceDate "2013.10.22"]
[SourceVersion "1"]
[SourceVersionDate "2013.10.22"]
[SourceQuality "1"]

1. Nf3 c5 2. c4 Nc6 3. Nc3 g6 4. g3 Bg7 5. Bg2 d6 6. 0-0 e5 7. e3 Nge7 8. b3 h6 9. Rb1 Bf5 10. e4 Bg4 11. h3 Bxf3 12. Bxf3 Nd4 13. Bg2 0-0 14. d3 a6 15. f4 exf4 16. Bxf4 Rb8 17. Qd2 Kh7 18. Rbe1 Ne6 19. e5 dxe5 20. Bxe5 Bxe5 21. Rxe5 Qd4+ 22. Re3 Nf5 0-1